00372nam a22001217a 450000500170000000800410001702000240005804000130008208200170009524500790011226000480019130000110023920260305121434.0260305b |||||||| |||| 00| 0 eng d a9781566764872 (pbk) cPK-LaUMT a612.39bFUN- aFunctional foods :bbiochemical & processing aspects /cedited by G. Mazza aBoca Raton :bTaylor & Francis Group,c1998 a460 p.